Library of the University of Algiers 3
Ibrahim Sultan Cheibout
شعار جامعة الجزائر 3
مكتبة جامعة الجزائر 3
إبراهيم سلطان شيبوط

طبيعة شرط التحكيم وجزاء الاختلال به / (رقم التسجيلة. 45977)

تفاصيل مارك
000 -LEADER
fixed length control field 01373nam a2200241Ia 4500
003 - CONTROL NUMBER IDENTIFIER
control field Ost
005 - DATE AND TIME OF LATEST TRANSACTION
control field 20260507075726.0
008 - FIXED-LENGTH DATA ELEMENTS--GENERAL INFORMATION
fixed length control field 260507s9999||||xx |||||||||||||| ||und||
020 ## - INTERNATIONAL STANDARD BOOK NUMBER
International Standard Book Number 1985160977
040 ## - CATALOGING SOURCE
Transcribing agency fsecg
041 ## - LANGUAGE CODE
Language code of text/sound track or separate title ara
082 ## - DEWEY DECIMAL CLASSIFICATION NUMBER
Classification number 347
100 ## - MAIN ENTRY--PERSONAL NAME
Personal name التحيوى، محمود السيد
Relator term مؤلف
245 #0 - TITLE STATEMENT
Title طبيعة شرط التحكيم وجزاء الاختلال به /
Statement of responsibility, etc. محمود السيد التحيوى
250 ## - EDITION STATEMENT
Edition statement طبعة 2
260 ## - PUBLICATION, DISTRIBUTION, ETC.
Place of publication, distribution, etc. الاسكندرية:
Name of publisher, distributor, etc. دار الفكر الجامعي,
Date of publication, distribution, etc. 2003
300 ## - PHYSICAL DESCRIPTION
Extent 316 صفحة؛
Dimensions 24 سم
504 ## - BIBLIOGRAPHY, ETC. NOTE
Bibliography, etc. note بيبليوغرافيا : ص.277
520 ## - SUMMARY, ETC.
Summary, etc. مقدمة-الباب الأول : التحكيم الإختيارى هو الصورة العامة لنظام التحكيم-الباب الثاني : طبيعة شرط التحكيم وجزاء الإخلال به فى القانون الوضعى المقارن-الباب الثالث : نطاق صحة : شرط التحكيم-الباب الرابع : الرضا فى الإنفاق على التحكيم - شرطا كان ، أم مشارطة – ودور الشكل فيه-الباب الخامس والأخير : مفهوم المحل فى الإنفاق على التحكيم – شرطا كان ، أم مشارطة
653 ## - INDEX TERM--UNCONTROLLED
Uncontrolled term التحكيم القضائي
653 ## - INDEX TERM--UNCONTROLLED
Uncontrolled term القانون
942 ## - ADDED ENTRY ELEMENTS (KOHA)
Koha item type كتب
المقتنيات
Withdrawn status Lost status Source of classification or shelving scheme Damaged status Not for loan Home library Current library Date acquired Serial enumeration / chronology Inventory number Total checkouts Full call number Barcode Date last seen Price effective from Koha item type
    Library of Congress Classification   NOT LOAN / إعارة داخلية مكتبة كلية العلوم الإقتصادية والعلوم التجارية وعلوم التسيير مكتبة كلية العلوم الإقتصادية والعلوم التجارية وعلوم التسيير 07/05/2026 الطابق الأرضي 1115/1   أ/1115ن1 1115/1 07/05/2026 07/05/2026 كتب
    Dewey Decimal Classification   Available مكتبة كلية العلوم الإقتصادية والعلوم التجارية وعلوم التسيير مكتبة كلية العلوم الإقتصادية والعلوم التجارية وعلوم التسيير 07/05/2026 الطابق الأرضي 1115/2   أ/1115ن2 1115/2 07/05/2026 07/05/2026 كتب
    Dewey Decimal Classification   Available مكتبة كلية العلوم الإقتصادية والعلوم التجارية وعلوم التسيير مكتبة كلية العلوم الإقتصادية والعلوم التجارية وعلوم التسيير 07/05/2026 الطابق الثاني 1115/3   أ/1115ن3 1115/3 07/05/2026 07/05/2026 كتب

موارد الويب المفتوحة


© University of Algiers 3 All Rights Reserved
|
Implemented by LECHELAH Riad